01189pam a2200253 a 45000010008000000030004000080050017000120080041000290100017000700200026000870400018001130500014001310820017001452450076001622600068002383000024003065040066003305050360003966500013007566500032007696500026008017000022008278560086008492014539OSt20210414114204.0910508s1992    enk      b    001 0 eng    a   91020389   a0521415039 (hardback)  aDLCcDLCdDLC00aK246.J82 00a340/.11522000aJustice :interdisciplinary perspectives. /cedited by Klaus R. Scherer.  aCambridge ;aNew York, NY :bCambridge University Press,c1992.  axi, 302 p.:c24 cm.  aIncludes bibliographical references (p. [254]-284) and index.  aContents: Issues in the study of justice -- Philosophical theories of justice -- The Economics of distributive justice, welfare and freedom -- Justice and the law -- Sociological approaches to distributive and procedural justice -- The Social psychology of distributive justice -- Interdisciplinary theory and research on justice -- Bibliography -- Index. 0aJustice. 0aSociological jurisprudence. 0aDistributive justice.1 aScherer, Klaus R.423Publisher descriptionuhttp://www.loc.gov/catdir/description/cam024/91020389.html